[Event "La Palma Island op"]
[Site "Santa Cruz de La Palma"]
[Date "2022.08.08"]
[Round "4"]
[White "Brito Garcia, Alfredo"]
[Black "Marin Dorta, Alejandro"]
[Result "1-0"]
[WhiteElo "2291"]
[BlackElo "1869"]
[PlyCount "65"]
[EventDate "2022.08.06"]
[EventType "swiss"]
[EventRounds "9"]
[EventCountry "ESP"]
[SourceTitle "CBM 209 Extra"]
[Source "ChessBase"]
[SourceDate "2022.09.30"]
[SourceVersion "1"]
[SourceVersionDate "2022.09.30"]
[SourceQuality "1"]

1. d4 c5 2. d5 g6 3. e4 Bg7 4. Nc3 d6 5. Nf3 Nf6 6. Bb5+ Bd7 7. a4 0-0 8. 0-0 Bxb5 9. axb5 Nbd7 10. h3 Ne8 11. Bf4 Nc7 12. Qe2 Nb6 13. Rfd1 Qd7 14. e5 Rfd8 15. Bg3 Qf5 16. Bh4 Re8 17. g4 Qd7 18. Bg3 a6 19. bxa6 Rxa6 20. Rxa6 bxa6 21. Qe4 dxe5 22. Nxe5 Qc8 23. Na4 Nxa4 24. Qxa4 Nb5 25. c3 h5 26. Re1 hxg4 27. hxg4 e6 28. d6 Nxd6 29. Nxg6 Nb5 30. Nf4 Rd8 31. Nh5 Qc6 32. Qf4 Rd5 33. Nxg7 1-0

[Event "La Palma Island op"]
[Site "Santa Cruz de La Palma"]
[Date "2022.08.07"]
[Round "3"]
[White "Baskin, Robert"]
[Black "Brito Garcia, Alfredo"]
[Result "1-0"]
[WhiteElo "2406"]
[BlackElo "2291"]
[PlyCount "49"]
[EventDate "2022.08.06"]
[EventType "swiss"]
[EventRounds "9"]
[EventCountry "ESP"]
[SourceTitle "CBM 209 Extra"]
[Source "ChessBase"]
[SourceDate "2022.09.30"]
[SourceVersion "1"]
[SourceVersionDate "2022.09.30"]
[SourceQuality "1"]

1. e4 e6 2. d4 d5 3. Nc3 Nf6 4. Bg5 Be7 5. e5 Nfd7 6. h4 h6 7. Bxe7 Qxe7 8. f4 a6 9. Nf3 c5 10. Qd2 Nc6 11. Ne2 b5 12. g4 h5 13. gxh5 cxd4 14. Nexd4 Nxd4 15. Qxd4 Qc5 16. Qd2 Rxh5 17. Bd3 g6 18. 0-0-0 Nb6 19. Ng5 Nc4 20. Bxc4 Qxc4 21. b3 Qc5 22. Ne4 Qa3+ 23. Kb1 Ke7 24. Nf6 Rh8 25. f5 1-0

[Event "Canarias-chT Honor"]
[Site "Spain"]
[Date "2020.07.11"]
[Round "8.1"]
[White "Brito Garcia, Alfredo"]
[Black "Hernandez Leon, Alberto"]
[Result "0-1"]
[WhiteElo "2302"]
[BlackElo "2275"]
[PlyCount "104"]
[EventDate "2020.01.11"]
[EventType "team-tourn"]
[EventRounds "9"]
[EventCountry "ESP"]
[SourceTitle "EXT 2021"]
[Source "ChessBase"]
[SourceDate "2020.10.23"]
[SourceVersion "1"]
[SourceVersionDate "2020.10.23"]
[SourceQuality "1"]
[WhiteTeam "Guia"]
[BlackTeam "Ebano Barrio Nuevo"]
[WhiteTeamCountry "ESP"]
[BlackTeamCountry "ESP"]

1. g3 d5 2. Bg2 Nf6 3. d3 g6 4. Nd2 Bg7 5. Ngf3 0-0 6. 0-0 Nc6 7. c4 d4 8. a3 a5 9. b3 Nd7 10. Bb2 Nc5 11. Ne1 e5 12. b4 axb4 13. axb4 Rxa1 14. Qxa1 Nxb4 15. Ba3 Nba6 16. Nc2 Re8 17. Nb4 Nxb4 18. Bxb4 Bf8 19. Qa7 b6 20. Bxc5 Bxc5 21. Ra1 Kg7 22. Qb8 Bg4 23. Qxd8 Rxd8 24. Kf1 Rb8 25. Bc6 Bc8 26. Nb3 Bd6 27. Ra7 Kf8 28. Nd2 Ke7 29. Kg2 f5 30. Nb1 Bd7 31. Bf3 b5 32. cxb5 Rxb5 33. Nd2 Be6 34. Rb7 Rb4 35. Bc6 Rb6 36. Rxb6 cxb6 37. h4 Bd7 38. Bd5 Be6 39. Bc6 Bd7 40. Bd5 b5 41. f3 Bb4 42. Nb3 Kd6 43. Bg8 h6 44. f4 Bc6+ 45. Kf2 Bd5 46. fxe5+ Kxe5 47. Bxd5 Kxd5 48. Kf3 h5 49. Kf4 Be7 50. Na5 Bd8 51. Nb3 Bf6 52. e3 Be5+ 0-1

[Event "Canarias-chT Honor"]
[Site "Spain"]
[Date "2020.02.15"]
[Round "6.1"]
[White "Gutierrez Perez, Jose"]
[Black "Brito Garcia, Alfredo"]
[Result "0-1"]
[WhiteElo "1943"]
[BlackElo "2302"]
[PlyCount "114"]
[EventDate "2020.01.11"]
[EventType "team-tourn"]
[EventRounds "9"]
[EventCountry "ESP"]
[SourceTitle "CBM 195 Extra"]
[Source "ChessBase"]
[SourceDate "2020.05.31"]
[SourceVersion "1"]
[SourceVersionDate "2020.05.31"]
[SourceQuality "1"]
[WhiteTeam "Herbania"]
[BlackTeam "Guia"]
[WhiteTeamCountry "ESP"]
[BlackTeamCountry "ESP"]

1. d4 d6 2. e4 Nf6 3. f3 e5 4. dxe5 dxe5 5. Qxd8+ Kxd8 6. Bc4 Be6 7. Bxe6 fxe6 8. Be3 Nbd7 9. Nd2 Bd6 10. Ne2 Ke7 11. Nc1 h6 12. Nd3 Rhd8 13. h4 Nh5 14. Nc4 Rf8 15. Bd2 Nf4 16. Nxf4 exf4 17. Bc3 e5 18. 0-0-0 Rf6 19. h5 Re6 20. g3 fxg3 21. Rdg1 g5 22. Ne3 Rf8 23. Nf5+ Rxf5 24. exf5 Rf6 25. Rxg3 Rxf5 26. Re1 Nf6 27. Rh3 Ke6 28. Bd2 Nd5 29. Kd1 Rf7 30. c4 Ne7 31. Bc3 Nc6 32. a3 a5 33. Re4 Bc5 34. Ke2 a4 35. Rh1 Bd4 36. Rd1 Kd6 37. Bxd4 Nxd4+ 38. Rdxd4+ exd4 39. Rxd4+ Kc5 40. Re4 Rf6 41. Ke3 Rb6 42. Re7 Kxc4 43. Rxc7+ Kb3 44. Rg7 Kxb2 45. Rg6 Rc6 46. Rg7 b5 47. Rb7 Kxa3 48. Rxb5 Ka2 49. Kf2 a3 50. Kg3 Ka1 51. Rb4 a2 52. f4 Rc1 53. fxg5 Rb1 54. Ra4 Rg1+ 55. Kh4 hxg5+ 56. Kh3 Rh1+ 57. Kg4 Rh4+ 0-1

[Event "Canarias-chT Honor"]
[Site "Spain"]
[Date "2020.02.01"]
[Round "4.1"]
[White "Carrascoso Morales, Abel"]
[Black "Brito Garcia, Alfredo"]
[Result "1-0"]
[WhiteElo "2229"]
[BlackElo "2302"]
[PlyCount "101"]
[EventDate "2020.01.11"]
[EventType "team-tourn"]
[EventRounds "9"]
[EventCountry "ESP"]
[SourceTitle "CBM 195 Extra"]
[Source "ChessBase"]
[SourceDate "2020.05.31"]
[SourceVersion "1"]
[SourceVersionDate "2020.05.31"]
[SourceQuality "1"]
[WhiteTeam "Sanat Lucia Grandama"]
[BlackTeam "Guia"]
[WhiteTeamCountry "ESP"]
[BlackTeamCountry "ESP"]

1. e4 d6 2. d4 Nf6 3. Nc3 e5 4. Nf3 exd4 5. Nxd4 Be7 6. Be2 0-0 7. 0-0 a6 8. f4 c5 9. Nb3 b5 10. Bf3 Ra7 11. Be3 Rd7 12. a4 b4 13. Ne2 Bb7 14. Ng3 Re8 15. Re1 Bf8 16. Bf2 g6 17. c4 h5 18. Qc2 Bh6 19. e5 dxe5 20. fxe5 Bxf3 21. gxf3 h4 22. exf6 hxg3 23. Rxe8+ Qxe8 24. hxg3 Qe5 25. Re1 Qxf6 26. Re8+ Kh7 27. Nxc5 Rd2 28. Ne4 Qc6 29. Nxd2 Qxe8 30. Ne4 Bg7 31. b3 Nc6 32. Ng5+ Kg8 33. Qe4 Qxe4 34. Nxe4 Na5 35. Nc5 Bc3 36. Kf1 Kf8 37. Ke2 Ke7 38. Kd3 f5 39. Kc2 Kd6 40. Nxa6 Nb7 41. Kd3 Kc6 42. Bd4 Be1 43. g4 fxg4 44. fxg4 Na5 45. Nc5 Bh4 46. Kc2 Be7 47. Nd3 g5 48. Be3 Kd7 49. Ne5+ Ke6 50. Nf3 Nc6 51. Nd4+ 1-0

[Event "Canarias-chT"]
[Site "Vecindario"]
[Date "2019.06.15"]
[Round "5.1"]
[White "Brito Garcia, Alfredo"]
[Black "Garcia Padron, Jose"]
[Result "1/2-1/2"]
[WhiteElo "2313"]
[BlackElo "2390"]
[PlyCount "140"]
[EventDate "2019.06.13"]
[EventType "team-swiss"]
[EventRounds "6"]
[EventCountry "ESP"]
[SourceTitle "EXT 2020"]
[Source "ChessBase"]
[SourceDate "2019.10.17"]
[SourceVersion "1"]
[SourceVersionDate "2019.10.17"]
[SourceQuality "1"]
[WhiteTeam "Guia"]
[BlackTeam "La Cochinilla de Lanzarote"]
[WhiteTeamCountry "ESP"]
[BlackTeamCountry "ESP"]

1. d4 d5 2. Nf3 Nf6 3. g3 c6 4. Bg2 Bf5 5. 0-0 e6 6. b3 a5 7. a4 h6 8. Bb2 Be7 9. Nbd2 0-0 10. Ne5 Na6 11. Re1 Rc8 12. e4 Bh7 13. c4 Bb4 14. Ba3 Bxa3 15. Rxa3 Qb6 16. exd5 cxd5 17. Ndf3 Nb4 18. Re2 Rfd8 19. Ra1 Ne4 20. Rc1 f6 21. c5 Qc7 22. Ng4 b6 23. Ne1 bxc5 24. f3 Ng5 25. Rxc5 Qb6 26. Rb5 Qa6 27. Bf1 Re8 28. Nf2 Qa7 29. h4 Nf7 30. Bh3 Rc6 31. Qd2 Kh8 32. Re3 Nd6 33. Rc5 Rxc5 34. dxc5 Qxc5 35. Rxe6 Rd8 36. Qf4 Nf7 37. Rxf6 gxf6 38. Qxf6+ Kg8 39. Be6 Rf8 40. Kg2 Bb1 41. Ng4 Kh7 42. Bxf7 Qc1 43. Qe7 Qb2+ 44. Kh3 Qg7 45. Ne5 Nc6 46. Nxc6 Rxf7 47. Qe3 Qf6 48. Ne5 Re7 49. f4 Qf5+ 50. Kg2 Qe4+ 51. Kf2 d4 52. Qc1 Rg7 53. N1f3 Bc2 54. Qd2 d3 55. Ne1 Qd4+ 56. Kg2 Bxb3 57. N1xd3 Rc7 58. Qe1 Bd5+ 59. Kh3 Be6+ 60. Kg2 Rc2+ 61. Nf2 Bd5+ 62. Kg1 Ra2 63. Qb1+ Kg7 64. Qg6+ Kf8 65. Qd6+ Ke8 66. Qd7+ Kf8 67. Ng6+ Kg8 68. Ne7+ Kf8 69. Ng6+ Kg8 70. Ne7+ Kf8 1/2-1/2

[Event "Canarias-chT"]
[Site "Vecindario"]
[Date "2019.06.13"]
[Round "1.1"]
[White "Donate Villalba, Juan Francisco"]
[Black "Brito Garcia, Alfredo"]
[Result "1/2-1/2"]
[WhiteElo "2036"]
[BlackElo "2313"]
[PlyCount "101"]
[EventDate "2019.06.13"]
[EventType "team-swiss"]
[EventRounds "6"]
[EventCountry "ESP"]
[SourceTitle "EXT 2020"]
[Source "ChessBase"]
[SourceDate "2019.10.17"]
[SourceVersion "1"]
[SourceVersionDate "2019.10.17"]
[SourceQuality "1"]
[WhiteTeam "Hotel Avda de Canarias II"]
[BlackTeam "Guia"]
[WhiteTeamCountry "ESP"]
[BlackTeamCountry "ESP"]

1. e4 d6 2. Nc3 Nf6 3. Nf3 e5 4. g3 Be7 5. Bg2 0-0 6. 0-0 c6 7. d3 Nbd7 8. Nh4 Re8 9. h3 Bf8 10. f4 exf4 11. Bxf4 Qb6+ 12. Kh2 Ne5 13. Qd2 Ng6 14. Nxg6 hxg6 15. b3 Be6 16. Rae1 Nh5 17. Bg5 Be7 18. Bxe7 Rxe7 19. Ne2 Rae8 20. Nf4 Nxf4 21. Qxf4 Qc5 22. Qd2 Bc8 23. Qf2 Qxf2 24. Rxf2 g5 25. Ref1 f6 26. Bf3 Be6 27. Bh5 Rd8 28. Re1 Kh7 29. Rfe2 Kh6 30. Bg4 Bxg4 31. hxg4 Kg6 32. Kg2 Rde8 33. Rh1 d5 34. Rhe1 dxe4 35. Rxe4 Rxe4 36. Rxe4 Rxe4 37. dxe4 Kf7 38. Kf3 Ke6 39. Ke3 Ke5 40. c3 a5 41. a3 g6 42. Kf3 b6 43. Ke3 b5 44. b4 a4 45. Kd3 f5 46. exf5 gxf5 47. gxf5 Kxf5 48. Ke3 Ke5 49. g4 Kd5 50. Kd3 Ke5 51. Ke3 1/2-1/2

[Event "Liga Insular Gran Canaria Preferente"]
[Site "Las Palmas"]
[Date "2019.05.18"]
[Round "7.1"]
[White "Brito Garcia, Alfredo"]
[Black "Fernandez de la Hoz A, Carlos"]
[Result "1-0"]
[WhiteElo "2311"]
[BlackElo "1755"]
[PlyCount "53"]
[EventDate "2019.03.02"]
[EventType "team-tourn"]
[EventRounds "9"]
[EventCountry "ESP"]
[SourceTitle "EXT 2021"]
[Source "ChessBase"]
[SourceDate "2020.10.23"]
[SourceVersion "1"]
[SourceVersionDate "2020.10.23"]
[SourceQuality "1"]
[WhiteTeam "Guia Univac"]
[BlackTeam "Mogan"]
[WhiteTeamCountry "ESP"]
[BlackTeamCountry "ESP"]

1. d4 Nf6 2. Nf3 g6 3. g3 Bg7 4. Bg2 d6 5. 0-0 0-0 6. Re1 c6 7. e4 Bg4 8. h3 Bxf3 9. Qxf3 Nbd7 10. Nd2 e5 11. c3 exd4 12. cxd4 Qa5 13. Qd1 Rfe8 14. a3 Nf8 15. b4 Qc7 16. Bb2 d5 17. e5 Nh5 18. Rc1 Bh6 19. Bxd5 Rad8 20. Bf3 Ng7 21. d5 Bxd2 22. Qxd2 Qb8 23. Qc3 cxd5 24. e6 Nfxe6 25. Rxe6 d4 26. Rxe8+ Nxe8 27. Qd3 1-0

[Event "Liga Insular Gran Canaria Preferente"]
[Site "Las Palmas"]
[Date "2019.04.27"]
[Round "6.1"]
[White "Ortega Hermida, Daniel"]
[Black "Brito Garcia, Alfredo"]
[Result "1/2-1/2"]
[WhiteElo "2330"]
[BlackElo "2311"]
[PlyCount "36"]
[EventDate "2019.03.02"]
[EventType "team-tourn"]
[EventRounds "9"]
[EventCountry "ESP"]
[SourceTitle "EXT 2021"]
[Source "ChessBase"]
[SourceDate "2020.10.23"]
[SourceVersion "1"]
[SourceVersionDate "2020.10.23"]
[SourceQuality "1"]
[WhiteTeam "Grandama"]
[BlackTeam "Guia Univac"]
[WhiteTeamCountry "ESP"]
[BlackTeamCountry "ESP"]

1. e4 e5 2. Nf3 Nc6 3. Bb5 a6 4. Ba4 Nf6 5. 0-0 Be7 6. d3 b5 7. Bb3 d6 8. a3 Bg4 9. c3 Qd7 10. Re1 0-0 11. Nbd2 h6 12. Nf1 Na5 13. Bc2 c5 14. h3 Be6 15. d4 Qc7 16. d5 Bd7 17. Ng3 Nc4 18. a4 Nb6 1/2-1/2

[Event "Liga Insular Gran Canaria Preferente"]
[Site "Las Palmas"]
[Date "2019.03.23"]
[Round "4.1"]
[White "Uzcategui Rodriguez, Alejandro"]
[Black "Brito Garcia, Alfredo"]
[Result "0-1"]
[WhiteElo "2229"]
[BlackElo "2311"]
[PlyCount "108"]
[EventDate "2019.03.02"]
[EventType "team-tourn"]
[EventRounds "9"]
[EventCountry "ESP"]
[SourceTitle "EXT 2021"]
[Source "ChessBase"]
[SourceDate "2020.10.23"]
[SourceVersion "1"]
[SourceVersionDate "2020.10.23"]
[SourceQuality "1"]
[WhiteTeam "Fundacion La Caja de Canarias"]
[BlackTeam "Guia Univac"]
[WhiteTeamCountry "ESP"]
[BlackTeamCountry "ESP"]

1. d4 Nf6 2. c4 g6 3. Nc3 Bg7 4. e4 0-0 5. f4 d6 6. Nf3 c5 7. d5 e6 8. Be2 exd5 9. cxd5 Re8 10. e5 dxe5 11. fxe5 Ng4 12. e6 fxe6 13. d6 Nd7 14. 0-0 c4 15. Ne4 Qb6+ 16. Kh1 Ne3 17. Bxe3 Qxe3 18. Qc2 b5 19. Rae1 Bb7 20. Neg5 Qc5 21. b4 Qf5 22. Qc1 Bh6 23. h4 Qg4 24. Kg1 Rf8 25. Rf2 Bd5 26. Bd1 Qg3 27. Qc2 Qxd6 28. h5 Rf5 29. Ne4 Qxb4 30. Nc3 Rxh5 31. g4 Rh3 32. Kg2 Rxf3 33. Bxf3 Rf8 34. Bxd5 exd5 35. Rxf8+ Nxf8 36. Rb1 Qd6 37. Qf2 Ne6 38. Ne2 d4 39. Rf1 Qd7 40. Qf3 d3 41. Ng3 Bf4 42. Ne4 Kg7 43. g5 Qd5 44. Rh1 Bxg5 45. Kf1 Bf4 46. Rxh7+ Kf8 47. Rh8+ Ke7 48. Re8+ Kf7 49. Qh1 Qf5 50. Qh7+ Kxe8 51. Qh8+ Ke7 52. Qa8 Nc7 53. Qc6 Qh3+ 54. Ke1 d2+ 0-1

[Event "Canarias-chT"]
[Site "Vecindario"]
[Date "2018.06.01"]
[Round "2.1"]
[White "Brito Garcia, Alfredo"]
[Black "Barlov, Dragan"]
[Result "1/2-1/2"]
[WhiteElo "2332"]
[BlackElo "2412"]
[PlyCount "119"]
[EventDate "2018.05.31"]
[EventType "team-swiss"]
[EventRounds "6"]
[EventCountry "ESP"]
[SourceTitle "EXT 2019"]
[Source "ChessBase"]
[SourceDate "2018.10.10"]
[SourceVersion "1"]
[SourceVersionDate "2018.10.10"]
[SourceQuality "1"]
[WhiteTeam "Guia"]
[BlackTeam "Aguas de Teror Centro Goya"]
[WhiteTeamCountry "ESP"]
[BlackTeamCountry "ESP"]

1. d4 Nf6 2. c4 e6 3. Nf3 Bb4+ 4. Bd2 Qe7 5. Qc2 Bxd2+ 6. Nbxd2 d6 7. e4 e5 8. c5 0-0 9. cxd6 cxd6 10. Bd3 Bg4 11. 0-0 Nc6 12. d5 Nb4 13. Qb3 Nxd3 14. Qxd3 Rfc8 15. Rfc1 Rc7 16. Ne1 Rac8 17. Nb3 Rxc1 18. Rxc1 Rxc1 19. Nxc1 Qc7 20. Nb3 Qb6 21. Nc2 a5 22. Qe3 Qc7 23. Na3 a4 24. Qc1 Qb6 25. Nd2 Bd7 26. h3 h6 27. Qc3 Nh5 28. Ndc4 Qd8 29. Nxd6 Qg5 30. Qf3 Nf4 31. Kh2 Qe7 32. Ndc4 b5 33. Nb6 Be8 34. g3 Ng6 35. Qe3 Qb4 36. d6 Qxd6 37. Nd5 Ne7 38. Nxe7+ Qxe7 39. Nc2 Bc6 40. a3 Qb7 41. f3 Qd7 42. Nb4 Bb7 43. Qd3 Qe8 44. Qd6 f6 45. Nd3 Qc6 46. Qxc6 Bxc6 47. Kg2 Kf7 48. h4 Ke7 49. h5 Kd6 50. Kf2 Be8 51. g4 Bf7 52. Ke3 Ba2 53. Kd2 Bc4 54. Ne1 Kc6 55. Ng2 Kc5 56. Ne3 Be6 57. Kc3 Bd7 58. Nd5 Be6 59. Ne3 Bd7 60. Nd5 1/2-1/2

[Event "Isla de la Palma Semana Santa op 3rd"]
[Site "Isla de la Palma"]
[Date "2018.03.25"]
[Round "3"]
[White "Molina Rodriguez, Borja"]
[Black "Brito Garcia, Alfredo"]
[Result "1/2-1/2"]
[WhiteElo "2172"]
[BlackElo "2339"]
[PlyCount "28"]
[EventDate "2018.03.24"]
[EventType "swiss"]
[EventRounds "7"]
[EventCountry "ESP"]
[SourceTitle "CBM 183 Extra"]
[Source "ChessBase"]
[SourceDate "2018.04.19"]
[SourceVersion "1"]
[SourceVersionDate "2018.04.19"]
[SourceQuality "1"]

1. e4 e5 2. Nf3 Nc6 3. Bc4 Nf6 4. d3 Be7 5. 0-0 0-0 6. Re1 d6 7. a4 Kh8 8. Nc3 Bg4 9. h3 Bh5 10. Be3 Nd4 11. Bxd4 exd4 12. Nd5 Nxd5 13. Bxd5 c6 14. Bb3 Bf6 1/2-1/2

[Event "Isla de la Palma Semana Santa op 3rd"]
[Site "Isla de la Palma"]
[Date "2018.03.24"]
[Round "1"]
[White "Gebhard, Lesly"]
[Black "Brito Garcia, Alfredo"]
[Result "0-1"]
[WhiteElo "1472"]
[BlackElo "2339"]
[PlyCount "61"]
[EventDate "2018.03.24"]
[EventType "swiss"]
[EventRounds "7"]
[EventCountry "ESP"]
[SourceTitle "CBM 183 Extra"]
[Source "ChessBase"]
[SourceDate "2018.04.19"]
[SourceVersion "1"]
[SourceVersionDate "2018.04.19"]
[SourceQuality "1"]

1. d4 Nf6 2. Bf4 c5 3. e3 e6 4. c3 Be7 5. Bd3 Nc6 6. Nd2 cxd4 7. exd4 d6 8. Qe2 0-0 9. Ngf3 Re8 10. 0-0 e5 11. dxe5 dxe5 12. Bg5 h6 13. Bh4 e4 14. Nxe4 Nxe4 15. Qxe4 Bxh4 16. Qh7+ Kf8 17. Rae1 Be6 18. Nxh4 Qxh4 19. Re4 Qf6 20. Rfe1 g5 21. R4e3 Qg7 22. Qe4 Kg8 23. h4 Re7 24. hxg5 hxg5 25. g4 Rd8 26. Qh1 Ne5 27. Bc2 Ng6 28. Bb3 Nf4 29. Re5 Rd2 30. Rf5 Bxb3 31. Kf1 0-1

[Event "Las Palmas Insular-chT Honor 1718"]
[Site "Las Palmas"]
[Date "2018.03.10"]
[Round "9.1"]
[White "Brito Garcia, Alfredo"]
[Black "Garcia Blanco, Omar"]
[Result "0-1"]
[WhiteElo "2334"]
[BlackElo "2243"]
[PlyCount "68"]
[EventDate "2017.10.28"]
[EventType "team-tourn"]
[EventRounds "9"]
[EventCountry "ESP"]
[SourceTitle "EXT 2021"]
[Source "ChessBase"]
[SourceDate "2020.10.23"]
[SourceVersion "1"]
[SourceVersionDate "2020.10.23"]
[SourceQuality "1"]
[WhiteTeam "Guia Univac"]
[BlackTeam "Hotel Avda de Canarias"]
[WhiteTeamCountry "ESP"]
[BlackTeamCountry "ESP"]

1. d4 Nf6 2. g3 c5 3. d5 g6 4. Bg2 d6 5. Nf3 Bg7 6. 0-0 0-0 7. a4 Na6 8. Re1 Nc7 9. Nc3 b6 10. e4 Bb7 11. Bf4 a6 12. Qd2 Re8 13. Rab1 b5 14. axb5 axb5 15. b4 c4 16. Be3 Ra3 17. Bb6 Rxc3 18. Bxc7 Qxc7 19. Qxc3 Nxd5 20. Qd2 Nc3 21. Nd4 Nxb1 22. Rxb1 Qb6 23. Ne2 Ra8 24. h4 h5 25. g4 hxg4 26. h5 gxh5 27. Qg5 Ra2 28. Qxe7 Rxc2 29. Kf1 g3 30. fxg3 Qe3 31. Qe8+ Kh7 32. Re1 Bd5 33. Qd7 Be6 34. Qxb5 Bg4 0-1

[Event "Las Palmas Insular-chT Honor 1718"]
[Site "Las Palmas"]
[Date "2018.02.24"]
[Round "8.1"]
[White "Gutierrez Olivares, Daniel"]
[Black "Brito Garcia, Alfredo"]
[Result "0-1"]
[WhiteElo "2356"]
[BlackElo "2334"]
[PlyCount "62"]
[EventDate "2017.10.28"]
[EventType "team-tourn"]
[EventRounds "9"]
[EventCountry "ESP"]
[SourceTitle "EXT 2021"]
[Source "ChessBase"]
[SourceDate "2020.10.23"]
[SourceVersion "1"]
[SourceVersionDate "2020.10.23"]
[SourceQuality "1"]
[WhiteTeam "Grandama"]
[BlackTeam "Guia Univac"]
[WhiteTeamCountry "ESP"]
[BlackTeamCountry "ESP"]

1. e4 e5 2. Nf3 Nc6 3. Bb5 a6 4. Ba4 Nf6 5. d3 d6 6. c3 g6 7. 0-0 Bg7 8. Re1 0-0 9. h3 b5 10. Bb3 Na5 11. Bc2 c5 12. d4 Qc7 13. Bg5 Bb7 14. d5 Nc4 15. b3 Nb6 16. Nbd2 c4 17. Rc1 Nfd7 18. b4 a5 19. a3 axb4 20. axb4 h6 21. Be3 f5 22. Nh4 Na4 23. Nb1 f4 24. Bd2 Rf6 25. Qf3 Nb2 26. Re2 Nf8 27. g3 Nh7 28. gxf4 Ng5 29. Qg4 exf4 30. e5 dxe5 31. Bxg6 Nd3 0-1

[Event "Las Palmas Insular-chT Honor 1718"]
[Site "Las Palmas"]
[Date "2017.12.16"]
[Round "4.1"]
[White "Brito Garcia, Alfredo"]
[Black "Cruz Pino, Adrian"]
[Result "1/2-1/2"]
[WhiteElo "2334"]
[BlackElo "2158"]
[PlyCount "107"]
[EventDate "2017.10.28"]
[EventType "team-tourn"]
[EventRounds "9"]
[EventCountry "ESP"]
[SourceTitle "EXT 2019"]
[Source "ChessBase"]
[SourceDate "2018.10.10"]
[SourceVersion "1"]
[SourceVersionDate "2018.10.10"]
[SourceQuality "1"]
[WhiteTeam "Guia Univac"]
[BlackTeam "Sociedad La Montana"]
[WhiteTeamCountry "ESP"]
[BlackTeamCountry "ESP"]

1. d4 f5 2. c4 Nf6 3. Nc3 g6 4. h4 d6 5. h5 gxh5 6. Bg5 Nbd7 7. e4 fxe4 8. Nxe4 Bg7 9. Ng3 c6 10. Nxh5 Nxh5 11. Qxh5+ Kf8 12. Bh6 Nf6 13. Bxg7+ Kxg7 14. Qh6+ Kf7 15. Bd3 Qa5+ 16. Qd2 Qxd2+ 17. Kxd2 Bg4 18. f3 Bd7 19. Ne2 e5 20. dxe5 dxe5 21. Nc3 Rag8 22. Rh2 h5 23. Re1 Rg5 24. Ne4 Nxe4+ 25. Bxe4 Rhg8 26. Re2 Be6 27. b3 Ke7 28. Kc3 Kd6 29. Rd2+ Kc7 30. a3 Bf7 31. b4 Rd8 32. c5 Rxd2 33. Kxd2 a6 34. Ke3 Bd5 35. Bd3 Kd8 36. Kf2 Ke7 37. Rh1 Kf6 38. g3 Bf7 39. Be2 Rg8 40. Rd1 Bd5 41. Rg1 Bf7 42. Bd3 Bd5 43. Rh1 Kg5 44. Re1 Kf6 45. Rd1 Bb3 46. Rh1 Bf7 47. Be4 Rd8 48. Ke3 Rg8 49. Rh3 Rg7 50. Kf2 Rg8 51. Rh1 Rd8 52. Ke3 Rg8 53. Kf2 Rd8 54. Ke3 1/2-1/2

[Event "ESP-ch 82nd"]
[Site "Las Palmas"]
[Date "2017.10.07"]
[Round "9"]
[White "Rey Malde, Henrique"]
[Black "Brito Garcia, Alfredo"]
[Result "1-0"]
[WhiteElo "2164"]
[BlackElo "2351"]
[PlyCount "59"]
[EventDate "2017.09.29"]
[EventType "swiss"]
[EventRounds "9"]
[EventCountry "ESP"]
[SourceTitle "CBM 181 Extra"]
[Source "ChessBase"]
[SourceDate "2017.12.12"]
[SourceVersion "1"]
[SourceVersionDate "2017.12.12"]
[SourceQuality "1"]

1. e4 e5 2. Nf3 Nc6 3. Bb5 a6 4. Ba4 Nf6 5. d3 d6 6. c3 Bd7 7. 0-0 g6 8. Re1 Bg7 9. Nbd2 0-0 10. Nf1 b5 11. Bc2 a5 12. Ng3 a4 13. h3 h6 14. d4 Re8 15. Be3 a3 16. b3 Kh7 17. Qd2 Qb8 18. Rad1 Bf8 19. Kh1 Na7 20. dxe5 dxe5 21. Nxe5 Rxe5 22. Bd4 Qe8 23. Bxe5 Qxe5 24. f4 Qd6 25. e5 Qxd2 26. Rxd2 Re8 27. Ree2 b4 28. c4 Be6 29. exf6 Bd6 30. f5 1-0

[Event "ESP-ch 82nd"]
[Site "Las Palmas"]
[Date "2017.10.04"]
[Round "6"]
[White "Brito Garcia, Alfredo"]
[Black "Gonzalez Garcia, Zoilo"]
[Result "1-0"]
[WhiteElo "2351"]
[BlackElo "2004"]
[PlyCount "61"]
[EventDate "2017.09.29"]
[EventType "swiss"]
[EventRounds "9"]
[EventCountry "ESP"]
[SourceTitle "CBM 181 Extra"]
[Source "ChessBase"]
[SourceDate "2017.12.12"]
[SourceVersion "1"]
[SourceVersionDate "2017.12.12"]
[SourceQuality "1"]

1. d4 Nf6 2. c4 e6 3. Nf3 b6 4. g3 Bb7 5. Bg2 Be7 6. 0-0 0-0 7. Nc3 d6 8. Qc2 c5 9. d5 exd5 10. cxd5 Na6 11. Rd1 Re8 12. a3 Nc7 13. e4 Bf8 14. b3 g6 15. Bb2 b5 16. b4 cxb4 17. axb4 a5 18. bxa5 b4 19. Na4 Nxe4 20. Nb6 Ra7 21. Nd4 Nc3 22. Bxc3 bxc3 23. Qxc3 Bg7 24. Rab1 Na6 25. Qc4 Nc5 26. Nc6 Bxc6 27. dxc6 Rxa5 28. Nd5 Ra4 29. Qb5 Ra2 30. c7 Qc8 31. Qxe8+ 1-0

[Event "La Palma Island op"]
[Site "Santa Cruz de La Palma"]
[Date "2017.08.17"]
[Round "8"]
[White "Batista Yanez, Jair"]
[Black "Brito Garcia, Alfredo"]
[Result "0-1"]
[WhiteElo "1994"]
[BlackElo "2351"]
[PlyCount "92"]
[EventDate "2017.08.12"]
[EventType "swiss"]
[EventRounds "9"]
[EventCountry "ESP"]
[SourceTitle "EXT 2019"]
[Source "ChessBase"]
[SourceDate "2018.10.10"]
[SourceVersion "1"]
[SourceVersionDate "2018.10.10"]
[SourceQuality "1"]

1. b4 Nf6 2. Bb2 e6 3. b5 d5 4. e3 a6 5. a4 axb5 6. axb5 Rxa1 7. Bxa1 Nbd7 8. Nf3 Bd6 9. Be2 e5 10. 0-0 0-0 11. d3 Qe7 12. c4 dxc4 13. d4 e4 14. Nfd2 Nb6 15. Nc3 Bf5 16. h3 Qe6 17. f4 exf3 18. Rxf3 Ne4 19. Ndxe4 Bxe4 20. Nxe4 Qxe4 21. Qc1 Ra8 22. Bb2 Qd5 23. e4 Qxe4 24. Bxc4 Nxc4 25. Qxc4 Qe6 26. Qxe6 fxe6 27. Kf1 Ra4 28. Rb3 Kf7 29. Ke2 Ke7 30. Kd3 Ra8 31. Ke4 g6 32. g4 Rf8 33. Rf3 Rxf3 34. Kxf3 Kd7 35. h4 b6 36. h5 c6 37. hxg6 hxg6 38. bxc6+ Kxc6 39. Ke4 b5 40. Ba1 b4 41. Bb2 g5 42. Ba1 Bf4 43. Bb2 Kd6 44. Kd3 Kd5 45. Kc2 Kc4 46. Ba1 Be3 0-1